00371nam a2200133Ia 450000500170000000800410001702000150005808200130007310000160008624500420010226000380014430000120018250000430019420250620012534.0240331s9999 xx 000 0 und d a9559513613 bDECa323 aDe Costa, J 0aManava himikam pilibanda handinveemak aColombobJayatissa De Costac1990 a56 p ., aA book An Introduction to Human Rights